000 00770nam a2200229Ii 4500
003 JO-AjNU
008 230605s9999||||xx |||||||||||||| ||und||
017 _a2012/362
020 _a978-9959-808-34-9
040 _aJO-AjNU
_bara
_erda
_cJO-AjNU
041 _aara
050 1 4 _aQA76.73 2012
100 3 _aابوالعزم، ايهاب,
_eauthor
_944545
245 0 0 _aفيجوال بيسك دوت نت2012=Microsoft Visual Basic .net
264 3 1 _aطرابلس:دار الحكمة للطباعة ، 2012
300 _a135ص
336 _atext
_btxt
_2rdacontent
337 _aunmediated
_bn
_2rdamedia
338 _avolume
_bnc
_2rdacarrier
490 0 _aسلسلة المدخل السريع
650 4 _aالحاسبات الالكترونية-برامج
_944546
999 _aA19242
_c22810
_d22810